000 00360nam a22001457a 4500
020 _a978-0-143-46461-7
082 _a823
_bMUR/C
100 _aMURTY, SUDHA
245 _aCOMMON YET UNCOMMON
246 _aCOMMON YET UNCOMMON
_bCOMMON YET UNCOMMON
260 _aHARYANA
_bPENGUIN
_c2023
300 _a182
650 _aENGLISH INSPIRATIONAL STORIES
942 _cBK
999 _c9083
_d9083